|
|
|
|
| LEADER |
00000nam a22000007a 4500 |
| 005 |
20141016000259.0 |
| 007 |
cr|||| |||| |
| 008 |
141016s2014 es |||||s|||| 00||0 spa d |
| 020 |
|
|
|a 978-84-9085-112-8
|
| 035 |
|
|
|a 12463
|
| 040 |
|
|
|a vLex
|
| 090 |
|
|
|c 5225
|d 5225
|
| 100 |
1 |
|
|4 Ruiz Resa, Josefa Dolores
|
| 245 |
1 |
0 |
|a Polt̕ica, economa̕ y mťodo en la investigacin̤ y aprendizaje del derecho
|h [Recurso electrn̤ico] /
|c Josefa Dolores Ruiz Resa
|
| 256 |
|
|
|a Servicio en ln̕ea
|
| 260 |
|
|
|a Madrid:
|b Dykinson,
|c 2014
|
| 300 |
|
|
|a 1 recurso electrn̤ico
|
| 506 |
1 |
|
|a Disponible solo en los productos indicados
|d vLex Global
|d vLex Global (Academic Edition, excluding Law Schools)
|d vLex Global (U.S. Academic Edition, Law Schools)
|d vLex Global (U.S. Academic Edition, excluding Law Schools)
|d vLex Global (Academic Edition, Law Schools)
|
| 650 |
0 |
4 |
|a Derecho Constitucional
|z Espaą
|
| 650 |
0 |
4 |
|a Ciencia polt̕ica
|z Espaą
|
| 650 |
0 |
4 |
|a Economa̕ y negocios
|z Espaą
|
| 740 |
0 |
|
|a vLex Libros (Servicio en ln̕ea)
|
| 856 |
4 |
0 |
|u http://vlex.com/source/politica-economia-metodo-investigacion-aprendizaje-derecho-12463
|z Acceso restringido
|
| 942 |
|
|
|c BOOK
|
| 999 |
0 |
|
|a Constitutional Law
|
| 999 |
0 |
|
|a Political Science
|
| 999 |
0 |
|
|a Business and Economy
|